000 00432 a2200133 4500
001 87776
082 _aPR 153
090 _c41235
_d41235
100 _aFaheem, Plt Off 15500, 70EC
245 _aExperimental determination of free EDGE delamination in composite laminates under tensile loading
260 _aRisalpur
_bNUST Rislapur
_c2011
300 _a51p.
_eZia Mahmood, Sqn Ldr; Babar Saeed, Wg Cdr
500 _aBE Project Reports
942 _aCAE NUST
_kPR 153
999 _c322849
_d322849